MARC

LEADER 00000nam0a2200000 4500
001 123681
005 20231101215824.0
035 |a (RuTPU)RU\TPU\book\133869 
090 |a 123681 
100 |a 20071023d1969 km y0rusy50 ca 
101 0 |a rus 
102 |a RU 
105 |a a z 001zy 
200 1 |a Производство германия  |f В. М. Андреев [и др.] 
210 |a Москва  |c Металлургия  |d 1969 
215 |a 96 с.  |c ил. 
320 |a Библиогр.: с. 89-92. 
606 |a Германий  |x Химическая технология  |2 stltpush  |3 (RuTPU)RU\TPU\subj\22119  |9 46988 
610 1 |a производство 
610 1 |a физико-химические основы 
610 1 |a получение 
610 1 |a очистка 
675 |a 621.7м783  |v 3 
675 |a 669.783  |v 3 
701 1 |a Андреев  |b В. М.  |g Владимир Михайлович 
701 1 |a Кузнецов  |b А. С.  |g Александр Сергеевич 
701 1 |a Петров  |b Г. И.  |g Георгий Иванович 
701 1 |a Шигина  |b Л. Н.  |g Людмила Николаевна 
801 1 |a RU  |b 63413507  |c 20071023  |g PSBO 
801 2 |a RU  |b 63413507  |c 20171004  |g PSBO 
942 |c BK